<?xml version="1.0" encoding="UTF-8"?>
<record
    xmlns:xsi="http://www.w3.org/2001/XMLSchema-instance"
    xsi:schemaLocation="http://www.loc.gov/MARC21/slim http://www.loc.gov/standards/marcxml/schema/MARC21slim.xsd"
    xmlns="http://www.loc.gov/MARC21/slim">

  <leader>01043nam a22002417a 4500</leader>
  <controlfield tag="001">BRCA_9296</controlfield>
  <controlfield tag="003">FranzMayer</controlfield>
  <controlfield tag="005">20230726121312.0</controlfield>
  <controlfield tag="008">230726b        |||||||| |||| 00| 0 eng d</controlfield>
  <datafield tag="040" ind1=" " ind2=" ">
    <subfield code="a">MFM</subfield>
    <subfield code="b">esp</subfield>
    <subfield code="c">MFM</subfield>
  </datafield>
  <datafield tag="050" ind1=" " ind2="4">
    <subfield code="a">LM26</subfield>
  </datafield>
  <datafield tag="082" ind1=" " ind2=" ">
    <subfield code="2">HE617</subfield>
  </datafield>
  <datafield tag="240" ind1="1" ind2=" ">
    <subfield code="a">Compendio de la Arte dla Navegazion</subfield>
    <subfield code="h">Explicazion de la Ajuja</subfield>
    <subfield code="l">Espa&#xF1;ol</subfield>
  </datafield>
  <datafield tag="245" ind1="0" ind2=" ">
    <subfield code="a">Compendio de la Arte dla Navegazion</subfield>
    <subfield code="b">Explicazion de la Ajuja</subfield>
  </datafield>
  <datafield tag="300" ind1=" " ind2=" ">
    <subfield code="a">220 p</subfield>
    <subfield code="b">ilustraciones</subfield>
    <subfield code="c">31 cm.</subfield>
  </datafield>
  <datafield tag="500" ind1=" " ind2=" ">
    <subfield code="a">Al libro le falta la car&#xE1;tula, por lo que se desconocen varios datos como el nombre del autor o responsable, a&#xF1;o y lugar de publicaci&#xF3;n o editorial a cargo.</subfield>
  </datafield>
  <datafield tag="500" ind1=" " ind2=" ">
    <subfield code="a">El libro fue reparado, a&#xFA;n as&#xED; presenta da&#xF1;o por humedad.</subfield>
  </datafield>
  <datafield tag="500" ind1=" " ind2=" ">
    <subfield code="a">El libro tiene tiras en las tapas para cerrarlo.</subfield>
  </datafield>
  <datafield tag="505" ind1="0" ind2=" ">
    <subfield code="a">Texto en: espa&#xF1;olDirigido a: Navegantes, marineros, viajeros y ge&#xF3;logos. </subfield>
  </datafield>
  <datafield tag="650" ind1="1" ind2=" ">
    <subfield code="2">Transporte</subfield>
    <subfield code="a">Comunicaciones</subfield>
    <subfield code="v">Trasnportes marinos</subfield>
    <subfield code="9">28973</subfield>
  </datafield>
  <datafield tag="651" ind1="2" ind2=" ">
    <subfield code="2">Navegaci&#xF3;n</subfield>
    <subfield code="a">Trasportes acu&#xE1;ticos </subfield>
    <subfield code="v">Astronom&#xED;a </subfield>
    <subfield code="9">28974</subfield>
  </datafield>
  <datafield tag="942" ind1=" " ind2=" ">
    <subfield code="2">lcc</subfield>
    <subfield code="c">B</subfield>
  </datafield>
  <datafield tag="999" ind1=" " ind2=" ">
    <subfield code="c">10918</subfield>
    <subfield code="d">10918</subfield>
  </datafield>
  <datafield tag="952" ind1=" " ind2=" ">
    <subfield code="0">0</subfield>
    <subfield code="1">0</subfield>
    <subfield code="2">lcc</subfield>
    <subfield code="4">0</subfield>
    <subfield code="7">0</subfield>
    <subfield code="8">CFM</subfield>
    <subfield code="a">BRCA</subfield>
    <subfield code="b">BRCA</subfield>
    <subfield code="d">2023-07-26</subfield>
    <subfield code="e">Donaci&#xF3;n</subfield>
    <subfield code="l">0</subfield>
    <subfield code="o">LM26</subfield>
    <subfield code="p">CFM00532</subfield>
    <subfield code="r">2023-07-26 00:00:00</subfield>
    <subfield code="w">2023-07-26</subfield>
    <subfield code="y">B</subfield>
  </datafield>
</record>
